000 00371nam a2200157Ia 4500
008 230524s9999 xx 000 0 und d
082 _a330
_bpun
100 _aB.C.Punmia
245 0 _aSurveying Vol-1
250 _a13th
260 _aNEW DELHI
_bLaxmi Publications
_c2002
300 _aXVI;643
500 _aQuantity Number: 51
650 _aMechanics
942 _cBK
999 _c35660
_d35660